00341nam a2200133Ia 4500008004100000020001800041041000800059082001000067100001800077245005600095260002700151300000800178999002100186240521s1999 xx 000 0 und d a81-239-0298-0 aeng a910.2 aLITTLEWOOD M. aLANDSCAPE DETAILING VOLL- I ENCLOSURE IIIRD EDTION. bC.B.S PUBLISHERSc1999 a193 c1157870d1157870